00802nam a2200193 i 450000100060000000300090000600500170001500700030003200800410003510000260007624501980010226000320030030000490033270000250038170000270040685200320043399900170046595201260048297025ES-MaACL20230906182025.0t|050705s1962 sp ||||1| spa d1 aMantoux, Paul.97617113aLa Revolución Industrial en el siglo XVIII b: ensayo sobre los comienzos de la gran industria moderna en Inglaterra / cPaul Mantoux; prefacio de T. S. Ashton; traducción de Juan Martín. aMadrid : bAguilar, c1962. aXXVIII, 526 p. con 2 map. : bil. ; c21 cm.1 aAshton, T. S.9236061 aMartín, Juan.977330 aES-MaACLjC-21314 bR.49587 c97025d97025 00104070aATENEOMbATENEOMcGaleríad2008-01-17eSCl0oC-21314p1101295r2023-02-23 00:00:00w2023-02-23yMONOGRAFIA